F1 Champions - Statistics

General Stats
  • This quiz has been taken 16 times
  • The average score is 63 of 75
Answer Stats
Hint Answer % Correct
2008 Lewis Hamilton
100%
2013 Lewis Hamilton
100%
2014 Lewis Hamilton
100%
2015 Lewis Hamilton
100%
2017 Lewis Hamilton
100%
2018 Lewis Hamilton
100%
2019 Lewis Hamilton
100%
2020 Lewis Hamilton
100%
2021 Max Verstappen
100%
2022 Max Verstappen
100%
2023 Max Verstappen
100%
2024 Max Verstappen
100%
1988 Ayrton Senna
93%
1990 Ayrton Senna
93%
1991 Ayrton Senna
93%
2005 Fernando Alonso
93%
2006 Fernando Alonso
93%
1994 Michael Schumacher
93%
1995 Michael Schumacher
93%
2000 Michael Schumacher
93%
2001 Michael Schumacher
93%
2002 Michael Schumacher
93%
2003 Michael Schumacher
93%
2004 Michael Schumacher
93%
1975 Niki Lauda
93%
1977 Niki Lauda
93%
1984 Niki Lauda
93%
2010 Sebastian Vettel
93%
2011 Sebastian Vettel
93%
2012 Sebastian Vettel
93%
1985 Alain Prost
87%
1986 Alain Prost
87%
1989 Alain Prost
87%
1993 Alain Prost
87%
1969 Jackie Stewart
87%
1971 Jackie Stewart
87%
1973 Jackie Stewart
87%
1976 James Hunt
87%
2009 Jenson Button
87%
1951 Juan Manuel Fangio
87%
1954 Juan Manuel Fangio
87%
1955 Juan Manuel Fangio
87%
1956 Juan Manuel Fangio
87%
1957 Juan Manuel Fangio
87%
1982 Keke Rosberg
87%
2007 Kimi Räikkönen
87%
2016 Nico Rosberg
87%
1996 Damon Hill
80%
1962 Graham Hill
80%
1968 Graham Hill
80%
1998 Mika Häkkinen
80%
1999 Mika Häkkinen
80%
1992 Nigel Mansell
80%
1961 Phil Hill
80%
1972 Emerson Fittipaldi
73%
1974 Emerson Fittipaldi
73%
1959 Jack Brabham
73%
1960 Jack Brabham
73%
1966 Jack Brabham
73%
1997 Jacques Villeneuve
73%
1978 Mario Andretti
73%
1981 Nelson Piquet
73%
1983 Nelson Piquet
73%
1987 Nelson Piquet
73%
1952 Alberto Ascari
67%
1953 Alberto Ascari
67%
1963 Jim Clark
67%
1965 Jim Clark
67%
1979 Jody Scheckter
67%
1964 John Surtees
67%
1980 Alan Jones
60%
1967 Denny Hulme
53%
1950 Giuseppe Farina
53%
1970 Jochen Rindt
53%
1958 Mike Hawthorn
47%
No matching quizzes found
Score Distribution
Percent of People with Each Score
Percentile by Number Answered
Your Score History
You have not taken this quiz